000
002250000a22000970004500
100
1
_a
Behar, Olga
245
1
0
_a
La virgen está de moda
300
_a
Vol. 83, Núm 83 (1995), Páginas 28-32
773
0
_t
Cambio 16
942
_c
ANA
999
_c
58618
_d
58618